| 000 | 00427nam a2200169Ia 4500 | ||
|---|---|---|---|
| 003 | 0STCL | ||
| 008 | 150530s9999 xx 000 0 und d | ||
| 040 |
_aSTCL _cSTCL |
||
| 100 | _aKrishna Puduval, K.P. | ||
| 245 | _aOravankara Neelakanttan Namboodiri Avarkalude Krithikal | ||
| 260 |
_bMangalodayam ; Thrissur _c1952 |
||
| 300 | _a0 | ||
| 546 | _aMalayalam | ||
| 942 |
_2ddc _cBK |
||
| 999 |
_c48298 _d48298 |
||
| 005 | 20220125170740.0 | ||